| 000 | 00519nam a2200205Ia 4500 | ||
|---|---|---|---|
| 003 | 0100 | ||
| 008 | 130303s9999 xx 000 0 und d | ||
| 020 | _a0155705806 | ||
| 040 | _cARRUPELIB | ||
| 050 | _aBL51.R599 1989 | ||
| 245 | _aPhilosophy of religion: selected readings | ||
| 260 | _aSan Diego | ||
| 260 | _bHarcourt Brace Jovanovich, Inc. | ||
| 260 | _C1973 | ||
| 300 | _axv | ||
| 300 | _b 489p. 25cm. | ||
| 650 | _aRELIGION | ||
| 700 | _aRowe, William L ; Wainright, William J. (eds.) | ||
| 942 | 0 | 0 | _03 |
| 999 |
_c31278 _d31278 |
||